Just Be Close: TV Edition Quiz Stats

 Plays Quiz Updated Jul 12, 2018

Challenge
Share
Tweet
Score 0/20 Timer 04:00
2 Plays Today
Question Close? % Correct
'__ Jump Street,' 1987-1991 FOX series, and later movie???
94.6%
Future century to which Buck Rogers is transported to???
87.5%
FOX TV series thriller featuring the character Jack Bauer???
86%
Sum of the digits of the zip code of a famous Aaron Spelling TV show set in Beverly Hills???
82.3%
Years Johnny Carson served as host of the Tonight Show???
76.5%
Number of seasons Gunsmoke ran on TV???
74%
Norman Lear created or produced TV shows that debuted in the 1970's???
72.2%
Numerical Address at Rockefeller Plaza, where the NBC studios are located???
71.3%
Dr. Remy Hadley's (Olivia Wilde) numerical nickname in the series 'House'???
66%
Days of competition on the reality series 'Survivor' ???
58.6%
Question Close? % Correct
Age of Freddie Prinze, while starring in 'Chico and the Man', at his death???
56.4%
Police Car Number of Officer Toody & Muldoon usually lost somewhere in New York???
53.9%
Sam Malone's Boston Red Sox Uniform Number on Cheers???
42.3%
Maxwell Smart's Agent Number on 'Get Smart'???
30.6%
Age of Homer Simpson's neighbor Ned Flanders on The Simpsons???
30.1%
Episodes of the classic TV series 'The Honeymooners' produced???
20.6%
Number of consecutive shows that Ken Jennings won in 2004 on 'Jeopardy!'???
20.1%
Emmys won by the HBO series 'Game of Thrones'???
16%
Estimated Viewers (in millions) to watch the May 1998 series finale of 'Seinfeld' ???
15.3%
Current pricing games in rotation, on 'The Price is Right'???
5.7%

You're not logged in!

Compare scores with friends on all Sporcle quizzes.
Join for Free
OR
Log In

You Might Also Like...

Show Comments

Extras

Top Quizzes Today


Score Distribution

Your Account Isn't Verified!

In order to create a playlist on Sporcle, you need to verify the email address you used during registration. Go to your Sporcle Settings to finish the process.

Report this User

Report this user for behavior that violates our Community Guidelines.

Details: